Statistics for 2021 Oscar Nominees

Click here to take the quiz!

General Stats

  • This quiz has been taken 262 times
  • The average score is 18 of 37

Answer Stats

#Movies% Correct
6Nomadland
98%
6The Father
87%
6Minari
82%
10Mank
79%
5Ma Rainey's Black Bottom
78%
6Judas and the Black Messiah
77%
5Promising Young Woman
77%
6Sound of Metal
77%
3Soul
73%
6The Trial of the Chicago 7
71%
2Another Round
62%
2Borat Subsequent Moviefilm
57%
3One Night in Miami
54%
2Tenet
54%
1The U.S. vs. Billie Holiday
53%
1Onward
52%
1Pieces of a Woman
52%
2Hillbilly Elegy
44%
1Wolfwalkers
43%
2Emma
39%
1Da 5 Bloods
37%
2Mulan
37%
4News of the World
37%
1A Shaun the Sheep Movie:
Farmageddon
36%
1Eurovision Song Contest:
The Story of Fire Saga
34%
1The White Tiger
34%
1Over the Moon
33%
1Love and Monsters
32%
2Pinocchio
30%
1The Midnight Sky
28%
1The One and Only Ivan
28%
1Greyhound
27%
1Quo Vadis, Aida?
27%
1The Life Ahead
27%
2Collective *
22%
1Better Days
21%
1The Man Who Sold His Skin
21%

Score Distribution

Percentile by Number Answered

Percent of People with Each Score

Your Score History

You have not taken this quiz